El espectro de la conciencia

Saved in:
Bibliografiske detaljer
Hovedforfatter: Wilber, Ken (Author)
Format: Bog
Sprog:spansk
Udgivet: Barcelona Kairos 1990
Serier:Colección psicología
Fag:
Tags: Tilføj Tag
Ingen Tags, Vær først til at tagge denne postø!

MARC

LEADER 00000nam a2200000 a 4500
001 UCY1461
003 CL-VaPUC
008 940905e19900000SP |||||||||||||||||spa|d
082 0 4 |a 153  |b WIL  |2 21 
100 0 |a Wilber, Ken  |e author  |9 329445 
245 1 3 |a El espectro de la conciencia 
300 |a 485 p 
942 |c BK 
945 |d 19940905 00:00:00  |a rbrito 
260 |a Barcelona  |b Kairos  |c 1990 
650 0 |a Conciencia  |9 309452 
583 |a last modification  |c 19940905 00:00:00  |k Rodrigo Vera 
490 0 |a Colección psicología 
999 |c 230155  |d 230153 
952 |0 0  |1 0  |4 0  |6 153_000000000000000_WIL_1990  |7 0  |8 A  |9 232190  |a FDOPOS  |b FDOPOS  |d 2019-11-15  |i 3013340  |o 153 WIL 1990  |p 3013340  |r 2025-01-22  |w 2019-11-15  |y BK  |k MLA